00732nam a2200193 a 450000100100000000500170001000800410002702000150006804000250008308200160010810000350012424501000015926000590025930000210031870000360033970000320037595201140040799900170052100003553420200930074420.0111103s1999 sp 000 0 spa d a8401013666 aDO-SdBNPbspacBNPHU axxxxbM539f1 aMendoza, Plinio Apuleyo96142410aFabricantes de miseria /cPlinio Apuleyo Mendoza, Carlos Alberto Montaner, Alvaro Vargas Llosa. aBarcelona,España :bPlaza & Janés Editores,c1999. a316 p. ;c22 cm.1 aMontaner, Carlos Alberto9614251 aVargas Llosa, Alvaro961426 001050718MOaGRbGRcCTd2011-11-03iLF1l0oxxxx M539fp35534-10r2020-06-25w2020-06-25y1ZNo se presta c35025d35025